Central Library OPAC University of Rajshahi

Nowhere was somewhere : (Record no. 36387)

MARC details
000 -LEADER
fixed length control field 00809nam a2200253 a 4500
001 - CONTROL NUMBER
control field 36387
003 - CONTROL NUMBER IDENTIFIER
rucl marc code BD-RjUL
005 - DATE AND TIME OF LATEST TRANSACTION
control field 20211209052459.0
008 - FIXED-LENGTH DATA ELEMENTS--GENERAL INFORMATION
fixed length control field 140622s1946 qea b 001 0 eng d
035 ## - SYSTEM CONTROL NUMBER
System control number (BD-RjUL)36484
System control number (BD-RjUL)
040 ## - CATALOGING SOURCE
Original cataloging agency ANL
Language of cataloging eng
Transcribing agency ANL
Modifying agency BD-RjUL
041 ## - LANGUAGE CODE
Language code of text/sound track or separate title eng
082 04 - DEWEY DECIMAL CLASSIFICATION NUMBER
Classification number 321.07
Author mark and year MON 1946
100 1# - MAIN ENTRY--PERSONAL NAME
Personal name Morgan, Arthur E.
Fuller form of name (Arthur Ernest),
Dates associated with a name 1878-1975.
9 (RLIN) 109067
245 10 - TITLE STATEMENT
Title Nowhere was somewhere :
Remainder of title how history makes utopias and how utopias make history /
Statement of responsibility, etc. by Arthur E. Morgan.
260 ## - PUBLICATION, DISTRIBUTION, ETC. (IMPRINT)
Place of publication, distribution, etc. Chapel Hill,
Date of publication, distribution, etc. 1946.
Name of publisher, distributor, etc. The University of North Carolina Press,
300 ## - PHYSICAL DESCRIPTION
Pagination 234 p. ;
Size 21 cm.
504 ## - BIBLIOGRAPHY, ETC. NOTE
Bibliography, etc Includes Index
600 10 - SUBJECT ADDED ENTRY--PERSONAL NAME
Personal name More, Thomas,
Titles and other words associated with a name Sir, Saint,
Dates associated with a name 1478-1535.
650 #0 - SUBJECT ADDED ENTRY--TOPICAL TERM
Topical term or geographic name as entry element Utopias.
9 (RLIN) 110724
942 ## - ADDED ENTRY ELEMENTS (KOHA)
Source of classification or shelving scheme Dewey Decimal Classification
Koha item type Books
Holdings
Lost status Source of classification or shelving scheme Damaged status Not for loan Collection code Permanent Location Current Location Shelving location Date acquired Source of acquisition Cost, normal purchase price Total Checkouts Full call number Date last seen Copy number Koha item type
  Dewey Decimal Classification   Not For Loan Non-fiction Central Library, University of Rajshahi Central Library, University of Rajshahi Reading Room 19/05/1967 Euro Pak 0.00   321.07 MON 1946 22/06/2014 C-1 Books
  Dewey Decimal Classification     Non-fiction Central Library, University of Rajshahi Central Library, University of Rajshahi   19/05/1967 Euro Pak 0.00   321.07 MON 1947 22/06/2014 C-2 Books
  Dewey Decimal Classification     Non-fiction Central Library, University of Rajshahi Central Library, University of Rajshahi   19/05/1967 Euro Pak 0.00   321.07 MON 1947 22/06/2014 C-3 Books
  Dewey Decimal Classification     Non-fiction Central Library, University of Rajshahi Central Library, University of Rajshahi   19/05/1967 Euro Pak 0.00   321.07 MON 1947 22/06/2014 C-4 Books
  Dewey Decimal Classification     Non-fiction Central Library, University of Rajshahi Central Library, University of Rajshahi   19/05/1967 Euro Pak 0.00   321.07 MON 1947 22/06/2014 C-5 Books
  Dewey Decimal Classification     Non-fiction Central Library, University of Rajshahi Central Library, University of Rajshahi   19/05/1967 Euro Pak 0.00   321.07 MON 1947 22/06/2014 C-6 Books
  Dewey Decimal Classification     Non-fiction Central Library, University of Rajshahi Central Library, University of Rajshahi   19/05/1967 Euro Pak 0.00   321.07 MON 1947 22/06/2014 C-7 Books
  Dewey Decimal Classification     Non-fiction Central Library, University of Rajshahi Central Library, University of Rajshahi   19/05/1967 Euro Pak 0.00   321.07 MON 1947 22/06/2014 C-8 Books
  Dewey Decimal Classification     Non-fiction Central Library, University of Rajshahi Central Library, University of Rajshahi   19/05/1967 Euro Pak 0.00   321.07 MON 1947 22/06/2014 C-9 Books
  Dewey Decimal Classification     Non-fiction Central Library, University of Rajshahi Central Library, University of Rajshahi   19/05/1967 Euro Pak 0.00   321.07 MON 1947 22/06/2014 C-10 Books
  Dewey Decimal Classification     Non-fiction Central Library, University of Rajshahi Central Library, University of Rajshahi   19/03/2019       321.07 MON 1946 19/03/2019 C-11 Books